The 8051 Microcontroller The 8051 microcontroller (Record no. 17765)

MARC details
000 -LEADER
fixed length control field 00381nam a2200145Ia 4500
008 - FIXED-LENGTH DATA ELEMENTS--GENERAL INFORMATION
fixed length control field 230312s9999||||xx |||||||||||||| ||und||
020 ## - INTERNATIONAL STANDARD BOOK NUMBER
International Standard Book Number 9781292017396
082 ## - DEWEY DECIMAL CLASSIFICATION NUMBER
Classification number 659.1
Item number MOR-A
100 ## - MAIN ENTRY--PERSONAL NAME
Personal name Mackenzie,Scott,I
245 #4 - TITLE STATEMENT
Title The 8051 Microcontroller The 8051 microcontroller
260 ## - PUBLICATION, DISTRIBUTION, ETC.
Name of publisher, distributor, etc. Pearson
Place of publication, distribution, etc. USA
Date of publication, distribution, etc. 2015
300 ## - PHYSICAL DESCRIPTION
Extent 669
650 ## - SUBJECT ADDED ENTRY--TOPICAL TERM
Topical term or geographic name entry element Management
Form subdivision Advertising
942 ## - ADDED ENTRY ELEMENTS (KOHA)
Koha item type BOOK
Holdings
Withdrawn status Lost status Source of classification or shelving scheme Damaged status Not for loan Home library Current library Date acquired Total Checkouts Full call number Barcode Date last seen Price effective from Koha item type
    Dewey Decimal Classification     Superior Information Resource Center (SIRC) Superior University- Gold Campus Superior Information Resource Center (SIRC) Superior University- Gold Campus 03/13/2023   659.1 MOR-A 18666 03/13/2023 03/13/2023 BOOK

Powered by Koha